Historia de una bala de plata: creación colectiva del teatro experimental de Cali

Shranjeno v:
Bibliografske podrobnosti
Format: Knjiga
Jezik:Undetermined
Izdano: Habana, Cuba Ediciones Casa de las Américas 1980
Teme:
Oznake: Označite
Brez oznak, prvi označite!

MARC

LEADER 00000nam a2200000Ia 4500
008 170316s9999 xx 000 0 und d
040 |a cru BVZT 
090 |a 860 B-36h 
245 |a Historia de una bala de plata: creación colectiva del teatro experimental de Cali  |c / Enrique Buenaventura 
260 |a Habana, Cuba  |b Ediciones Casa de las Américas  |c 1980 
300 |a 70 páginas 
650 |a LITERATURA LATINOAMERICANA  |9 15 
999 |c 8460  |d 8460 
942 |c 15 D  |h 860 B-36h  |2 z